ਦਰਦ ਬਿਰੇਂ ਦੇ ਤਿੱਖੇ : (Record no. 110223)

MARC details
000 -LEADER
fixed length control field 01062nam a22002537a 4500
005 - DATE AND TIME OF LATEST TRANSACTION
control field 20170123164149.0
010 ## - LIBRARY OF CONGRESS CONTROL NUMBER
LC control number B-065222
020 ## - INTERNATIONAL STANDARD BOOK NUMBER
Terms of availability 100.00
International Standard Book Number 8179140415
035 ## - SYSTEM CONTROL NUMBER
System control number B-065222
037 ## - SOURCE OF ACQUISITION
Source of stock number/acquisition Cen Lib/Ret
040 ## - CATALOGING SOURCE
Original cataloging agency DPL
Language of cataloging PN
082 ## - DEWEY DECIMAL CLASSIFICATION NUMBER
Classification number 851
Item number ਸ਼ੁਕਲਾ
100 ## - MAIN ENTRY--PERSONAL NAME
Personal name ਸ਼ੁਕਲਾ, ਰਾਮ ਨਾਥ
9 (RLIN) 50252
245 ## - TITLE STATEMENT
Title ਦਰਦ ਬਿਰੇਂ ਦੇ ਤਿੱਖੇ :
Statement of responsibility, etc ਰਾਮ ਨਾਥ ਸ਼ੁਕਲਾ
Remainder of title ਪੁਰਾਣੀਆਂ ਯਾਦਾਂ ਵਿੱਚੋ ਕਵਿਤਾਵਾਂ /
246 ## - VARYING FORM OF TITLE
Title proper/short title Dard birhon de tikkhe : poems /
Remainder of title by Ram Nath Shukla
260 ## - PUBLICATION, DISTRIBUTION, ETC. (IMPRINT)
Place of publication, distribution, etc ਚੰਡੀਗੜ੍ਹ
Name of publisher, distributor, etc ਤਰਲੋਚਨ ਪੁਲਿਸ਼ਰਜ਼
Date of publication, distribution, etc 2003
270 ## - ADDRESS
Address 3236, Sector 15-D
City ਚੰਡੀਗੜ੍ਹ
300 ## - PHYSICAL DESCRIPTION
Extent 96p.
Dimensions 22cm(Hb)
650 ## - SUBJECT ADDED ENTRY--TOPICAL TERM
Topical term or geographic name as entry element ਸਾਹਿਤ--ਪੰਜਾਬੀ
9 (RLIN) 124972
650 ## - SUBJECT ADDED ENTRY--TOPICAL TERM
Topical term or geographic name as entry element ਪੰਜਾਬੀ -- ਕਵਿਤਾਵਾਂ
9 (RLIN) 124973
650 ## - SUBJECT ADDED ENTRY--TOPICAL TERM
Topical term or geographic name as entry element Literature--Punjabi
9 (RLIN) 124974
650 ## - SUBJECT ADDED ENTRY--TOPICAL TERM
Topical term or geographic name as entry element Punjabi -- Poetry
9 (RLIN) 124975
942 ## - ADDED ENTRY ELEMENTS (KOHA)
Source of classification or shelving scheme Dewey Decimal Classification
Koha item type Punjabi Bks
Classification part 851
Call number suffix ਸ਼ੁਕਲਾ
Holdings
Withdrawn status Lost status Damaged status Not for loan Home library Current library Date acquired Source of acquisition Cost, normal purchase price Total Checkouts Full call number Barcode Date last seen Date checked out Copy number Cost, replacement price Price effective from Koha item type
        Central Library Central Library 16/01/2016 Cen Lib/Ret 100.00 1 851 ਸ਼ੁਕਲਾ B-065222 03/08/2019 01/08/2019 1 100.00 16/01/2016 Punjabi Bks

© Delhi Public Library
Hit Counter
free hit counter